Functional ultrastructure : (رقم التسجيلة. 24217)
[ عرض عادي ]
| 000 -الفاتح | |
|---|---|
| حقل البيانات ثابتة الطول | 01780cam a22004097a 4500 |
| 001 - رقم الضبط | |
| رقم الضبط | 15889178 |
| 003 - محدد رقم الضبط | |
| رقم الضبط | OSt |
| 005 - وقت وتاريخ اخر تعامل مع التسجيلة | |
| رقم الضبط | 20150408114046.0 |
| 008 - عناصر البيانات ثابتة الطول - معلومات عامة | |
| حقل البيانات ثابتة الطول | 120623s2010 au a | b 001 0 eng c |
| 010 ## - رقم ضبط مكتبة الكونجرس | |
| رقم ضبط مكتبة الكونجرس | |
| 020 ## - الرقم الدولى المعيارى للكتب | |
| الرقم الدولى المعيارى للكتاب | 9783211993897 (hbk. : alk. paper) |
| 020 ## - الرقم الدولى المعيارى للكتب | |
| الرقم الدولى المعيارى للكتاب | 3211993894 (hbk. : alk. paper) |
| 040 ## - مصدر الفهرسة | |
| لغة الفهرسة | MU |
| 082 00 - رقم تصنيف ديوى العشرى | |
| رقم التصنيف | 571.633 P M F |
| رقم الطبعة | 23 |
| 100 1# - المدخل الرئيسى - إسم شخصى | |
| الإسم الشخصى | Pavelka, Margit, |
| التواريخ المصاحبة للاسم | 1945- |
| 9 (RLIN) | 16103 |
| 245 10 - بيان العنوان | |
| العنوان | Functional ultrastructure : |
| بقية العنوان | Atlas of tissue biology and pathology / |
| بيان المسئوليه,etc | Margit Pavelka, Jurgen Roth. |
| 250 ## - بيان الطبعة | |
| بيان الطبعة | 2nd, rev. and enl. ed. |
| 260 ## - PUBLICATION, DISTRIBUTION, ETC. (IMPRINT) | |
| مكان الناشر او الموزع | New York : |
| اسم الناشر او الموزع | SpringerWein |
| تاريخ النشر أو التوزيع | c2010. |
| 300 ## - الوصف المادى | |
| التعداد | xvii, 366 p. : |
| تفاصيل ماديه اخرى للوعاء | ill. ; |
| أبعاد الوعاء | 28 cm. + |
| المادة المصاحبة | CD-ROM |
| 504 ## - تبصرة ببليوجرافية | |
| تبصرة ببليوجرافية,الخ | Includes bibliographical references and index. |
| 650 #4 - المدخل الاضافى بالموضوع-مصطلح موضوعى | |
| مصطلح موضوعي أو اسم جغرافي كعنصر مدخل | Ultrastructure (Biology) |
| التقسيم الفرعي الشكلي | Atlases. |
| 9 (RLIN) | 16104 |
| 650 #4 - المدخل الاضافى بالموضوع-مصطلح موضوعى | |
| مصطلح موضوعي أو اسم جغرافي كعنصر مدخل | Tissues. |
| 9 (RLIN) | 16105 |
| 650 #4 - المدخل الاضافى بالموضوع-مصطلح موضوعى | |
| مصطلح موضوعي أو اسم جغرافي كعنصر مدخل | Cells |
| التقسيم الفرعي العام | ultrastructure |
| التقسيم الفرعي الشكلي | Atlases. |
| 9 (RLIN) | 16106 |
| 650 #2 - المدخل الاضافى بالموضوع-مصطلح موضوعى | |
| مصطلح موضوعي أو اسم جغرافي كعنصر مدخل | Microscopy, Electron |
| التقسيم الفرعي الشكلي | Atlases. |
| 9 (RLIN) | 16107 |
| 650 #4 - المدخل الاضافى بالموضوع-مصطلح موضوعى | |
| مصطلح موضوعي أو اسم جغرافي كعنصر مدخل | Organelles |
| التقسيم الفرعي العام | ultrastructure |
| التقسيم الفرعي الشكلي | Atlases. |
| 9 (RLIN) | 16108 |
| 650 #4 - المدخل الاضافى بالموضوع-مصطلح موضوعى | |
| مصطلح موضوعي أو اسم جغرافي كعنصر مدخل | Tissues |
| التقسيم الفرعي العام | ultrastructure |
| التقسيم الفرعي الشكلي | Atlases. |
| 9 (RLIN) | 16109 |
| 650 #4 - المدخل الاضافى بالموضوع-مصطلح موضوعى | |
| مصطلح موضوعي أو اسم جغرافي كعنصر مدخل | Cytologie. |
| مصدر الرأس أو المصطلح | swd |
| 9 (RLIN) | 16110 |
| 650 #4 - المدخل الاضافى بالموضوع-مصطلح موضوعى | |
| مصطلح موضوعي أو اسم جغرافي كعنصر مدخل | Cytopathologie. |
| مصدر الرأس أو المصطلح | swd |
| 9 (RLIN) | 16111 |
| 650 #4 - المدخل الاضافى بالموضوع-مصطلح موضوعى | |
| مصطلح موضوعي أو اسم جغرافي كعنصر مدخل | Histologie. |
| مصدر الرأس أو المصطلح | swd |
| 655 #4 - مصطلح تكشيفى-نوع/شكل | |
| بيانات النوع/ الشكل أو المصطلح الأساسي | Atlas. |
| مصدر المصطلح | swd |
| 9 (RLIN) | 16112 |
| 700 1# - المدخل الاضافى - اسم شخصى | |
| الإسم الشخصى | Roth, J. |
| الشكل الأكمل للاسم | (Jürgen), |
| العنوان والكلمات الأخرى المصاحبة للاسم | Prof. Dr. Dr. |
| 9 (RLIN) | 16113 |
| 856 41 - الوصول و الموقع الالكترونى | |
| مواد محددة | Table of contents |
| معرف المصدر الموحد | <a href="http://bvbr.bib-bvb.de:8991/F?func=service&doc_library=BVB01&doc_number=018731539&line_number=0001&func_code=DB_RECORDS&service_type=MEDIA">http://bvbr.bib-bvb.de:8991/F?func=service&doc_library=BVB01&doc_number=018731539&line_number=0001&func_code=DB_RECORDS&service_type=MEDIA</a> |
| 856 4# - الوصول و الموقع الالكترونى | |
| معرف المصدر الموحد | <a href="http://bvbr.bib-bvb.de:8991/F?func=service&doc_library=BVB01&doc_number=018731539&line_number=0002&func_code=DB_RECORDS&service_type=MEDIA">http://bvbr.bib-bvb.de:8991/F?func=service&doc_library=BVB01&doc_number=018731539&line_number=0002&func_code=DB_RECORDS&service_type=MEDIA</a> |
| تبصرة عامة | Klappentext |
| 906 ## - عنصر بيانات محلى F, LDF (RLIN) | |
| a | 7 |
| b | cbc |
| c | pccadap |
| d | 2 |
| e | ncip |
| f | 20 |
| g | y-gencatlg |
| 942 ## - عناصر المدخل الإضافي( كوها) | |
| مصدر التصنيف او مخطط الترفيف | Dewey Decimal Classification |
| Koha [default] item type | DVD |
| حالة الفقد | نموذج السعر الفعال | حالة تلف | ليس للاعارة | رقم الطلب | رقم النسخة | تاريخ الاكتساب | الموقع الحالي | الباركود | الفرع الرئيسي | Date last seen | نوع المادة فى نظام كوها | مصدر التصنيف او خطة الترفيف | Total Checkouts |
|---|---|---|---|---|---|---|---|---|---|---|---|---|---|
| 2013-03-10 | 571.633 P M F | c.1 | 2012-06-23 | المكتبة المركزية بالمجمعة (CL) | 00109758 | المكتبة المركزية بالمجمعة (CL) | 2013-03-10 | كتاب | Dewey Decimal Classification | ||||
| 2013-03-10 | 571.633 P M F | c.2 | 2012-06-23 | المكتبة المركزية بالمجمعة (CL) | 00109759 | المكتبة المركزية بالمجمعة (CL) | 2013-03-10 | كتاب | Dewey Decimal Classification | ||||
| 2013-03-10 | 571.633 P M F | c.3 | 2012-06-23 | المكتبة المركزية بالمجمعة (CL) | 00109760 | المكتبة المركزية بالمجمعة (CL) | 2013-03-10 | كتاب | Dewey Decimal Classification |
